| 000 | 01426nam a2200385 a 4500 | ||
|---|---|---|---|
| 001 | 000109641 | ||
| 003 | CHAP | ||
| 005 | 20220329144058.0 | ||
| 008 | 140515s2014 mx sm |||||||spa d | ||
| 010 | _a106103 | ||
| 011 | _a107075 | ||
| 040 | _cCHAP | ||
| 090 | _aTesis | ||
| 100 | 1 |
_aMartínez Gopar, Luis Jeshuandi _9126885 |
|
| 245 | 1 | 0 |
_aCalibración del modelo SWAT, en la cuenca del Río turbio, Guanajuato _h[En línea] _cpor Luis Jeshuandi Martínez Gopar y Ilse Denisse Rodríguez García. |
| 260 |
_aChapingo, Méx. : _bEl autor, _c2014. |
||
| 500 | _aPara ver el contenido del material haga clic en la liga | ||
| 502 | _aTesis (Ing. en Irrigación) -- UACH. Departamento de Irrigación | ||
| 590 |
_aBATCH-UPD _b05 _c20141002 _lUCH01 _h0903 |
||
| 590 |
_aE5995AHE _b05 _c20140515 _lUCH01 _h1359 |
||
| 590 |
_aE5995AHE _b05 _c20140515 _lUCH01 _h1359 |
||
| 590 |
_aE5995AHE _b05 _c20140515 _lUCH01 _h1402 |
||
| 590 |
_aE5995AHE _b05 _c20140515 _lUCH01 _h1412 |
||
| 590 |
_aE5995AHE _b05 _c20140515 _lUCH01 _h1412 |
||
| 650 | 1 | 4 |
_aBalance hídrico. _99602 |
| 650 | 1 | 4 |
_aCalibración. _917482 |
| 650 | 1 | 4 |
_aCuencas hidrográficas. _9125234 |
| 650 | 1 | 4 |
_aEscurrimiento. _937675 |
| 650 | 1 | 4 |
_aSedimentación y deposición. _9103571 |
| 700 | 1 |
_aRodríguez García, Ilse Denisse _9126886 |
|
| 856 |
_aFinding aid _uhttp://10.13.5.2/tesis/sist109641.pdf _zTeclea aquí |
||
| 901 | _aBK | ||
| 942 | _cTESIS | ||
| 942 | _n0 | ||
| 999 |
_c106103 _d106103 |
||